| 000 | 00498nam a22001697a 4500 | ||
|---|---|---|---|
| 003 | BD-DhUL | ||
| 005 | 20171019114951.0 | ||
| 008 | 171019s1333 ir ||||| |||| 00| 0 per d | ||
| 040 |
_aBD-DhUL _cBD-DhUL |
||
| 082 |
_a320.55 _bALS |
||
| 100 | 0 | _aعلی کنی | |
| 245 | 0 |
_aسارمان فرہنگی ایران / _cعلی کنی |
|
| 260 |
_aتہران : _bچاپخانه دانشگاہ، _c۔۱۳۳۳ |
||
| 300 |
_aص۔ ۱۳۱ ؛ _c۲۴ سم۔ |
||
| 650 | 0 | _aPolitical science | |
| 942 |
_2ddc _cBK |
||
| 999 |
_c225684 _d225684 |
||